Prontuario del vigilante de prisiones (Record no. 180576)

MARC details
000 -LEADER
campo de control de longitud fija 00774nam a2200157 i 4500
001 - NÚMERO DE CONTROL
campo de control 180576
003 - IDENTIFICADOR DE NÚMERO DE CONTROL
campo de control ES-MaACL
005 - FECHA Y HORA DE LA ÚLTIMA TRANSACCIÓN
campo de control 20230906221133.0
008 - DATOS DE LONGITUD FIJA--INFORMACIÓN GENERAL
campo de control de longitud fija 120614s1908 sp |||| | spa d
100 1# - ENTRADA PRINCIPAL--NOMBRE DE PERSONA
Nombre de persona Mur Grande, Ricardo.
9 (RLIN) 150561
245 10 - MENCIÓN DEL TÍTULO
Título Prontuario del vigilante de prisiones
Resto del título : consideraciones generales acerca de sus deberes y recopilación de las principales disposiciones que conviene tener presente á dichos funcionarios para el mas acertado desempeño del cargo /
Mención de responsabilidad, etc. redactado por Ricardo Mur Grande.
260 ## - PUBLICACIÓN, DISTRIBUCIÓN, ETC.
Lugar de publicación, distribución, etc. Santoña :
Nombre del editor, distribuidor, etc. [s.n.],
Fecha de publicación, distribución, etc. 1908 (
Fabricante Imp. de José H. García)
300 ## - DESCRIPCIÓN FÍSICA
Extensión 496 p. ;
Dimensiones 21 cm.
650 #4 - PUNTO DE ACCESO ADICIONAL DE MATERIA--TÉRMINO DE MATERIA
Término de materia o nombre geográfico como elemento de entrada Establecimientos penitenciarios-
Subdivisión general Personal.
9 (RLIN) 150562
852 ## - LOCALIZACIÓN
Ubicación ES-MaACL
Número de control de estantería D-269
Nota libre .- Dedicatoria manuscrita del autor a Segismundo Moret
Holdings
Estatus retirado Estado de pérdida Estado de daño No para préstamo Biblioteca de origen Biblioteca actual Ubicación en estantería Fecha de adquisición Fuente de adquisición Total de préstamos Signatura topográfica completa Código de barras Visto por última vez Precio de reemplazo Tipo de ítem Koha
        Biblioteca del Ateneo de Madrid Biblioteca del Ateneo de Madrid Sala Valle Inclán 14/06/2012     D-269 901189746 23/02/2023 23/02/2023 Libro impreso